Statistics for Name a Valid Number (up to 100)

Click here to take the quiz!

General Stats

  • This quiz has been taken 11,946 times
  • The average score is 8 of 10

Answer Stats

Name any number...Number% Correct
that is even2, 4, 6, 8, 10, ...
100%
that is a perfect square1, 4, 9, 16, 25, ...
99%
that is prime2, 3, 5, 7, 11, ...
99%
divisible by 13 (not including 13)26, 39, 52, 65, 78, 91
96%
that is a perfect cube greater than 18, 27, 64
81%
whose English name has exactly 5 letters3, 7, 8, 40, 50, 60
75%
which is a power of 2 greater than 24, 8, 16, 32, 64
74%
with two digits which multiply to be a perfect square10, 11, 14, 19, 20, ...
69%
that is a factorial greater than 56, 24
58%
in the Fibonacci sequence greater than 2534, 55, 89
56%

Score Distribution

Percentile by Number Answered

Percent of People with Each Score

Your Score History

You have not taken this quiz